Практические выводы из вычислительного моделирования процесса очистки горизонтальных скважин; Проблемы геологии и освоения недр; Т. 2

Dades bibliogràfiques
Parent link:Боев, А. С. (химик ; 1981-). Проблемы геологии и освоения недр=Problems of Geology and Subsurface Development: труды XXVII Международного молодежного научного симпозиума имени академика М.А. Усова, посвященного 160-летию со дня рождения академика В.А. Обручева и 140-летию академика М.А. Усова, основателям Сибирской горно-геологической школы, 3-7 апреля 2023 г., г. Томск/ Национальный исследовательский Томский политехнический университет, Инженерная школа природных ресурсов ; гл. ред. А. С. Боев ; под ред. Е. Ю. Пасечник.— .— Томск: Изд-во ТПУ, 2023
Т. 2.— 2023.— С. 28-30
Autor principal: Джанхорбани Мехран
Autor corporatiu: Национальный исследовательский Томский политехнический университет Инженерная школа природных ресурсов Отделение нефтегазового дела
Altres autors: Харламов С. Н. Сергей Николаевич (научный руководитель)
Sumari:Заглавие с экрана
Текстовый файл
Idioma:rus
Publicat: 2023
Col·lecció:Технологии оценки, управления и разработки месторождений нефти и газа, моделирование и цифровые технологии
Matèries:
Accés en línia:http://earchive.tpu.ru/handle/11683/77756
Format: MixedMaterials Electrònic Capítol de llibre
KOHA link:https://koha.lib.tpu.ru/cgi-bin/koha/opac-detail.pl?biblionumber=669911

MARC

LEADER 00000naa2a2200000 4500
001 669911
005 20240401135549.0
090 |a 669911 
100 |a 20231207d2023 k||y0rusy50 ca 
101 0 |a rus 
102 |a RU 
135 |a drcn ---uucaa 
200 1 |a Практические выводы из вычислительного моделирования процесса очистки горизонтальных скважин  |f Мехран Джанхорбани  |g науч. рук. С. Н. Харламов ; Инженерная школа природных ресурсов НИ ТПУ 
225 1 |a Технологии оценки, управления и разработки месторождений нефти и газа, моделирование и цифровые технологии 
300 |a Заглавие с экрана 
320 |a Библиография: с. 30 
336 |a Текстовый файл 
461 1 |0 669747  |t Проблемы геологии и освоения недр  |l Problems of Geology and Subsurface Development  |o труды XXVII Международного молодежного научного симпозиума имени академика М.А. Усова, посвященного 160-летию со дня рождения академика В.А. Обручева и 140-летию академика М.А. Усова, основателям Сибирской горно-геологической школы, 3-7 апреля 2023 г., г. Томск  |f Национальный исследовательский Томский политехнический университет, Инженерная школа природных ресурсов ; гл. ред. А. С. Боев ; под ред. Е. Ю. Пасечник  |d 2023  |9 669747  |a Боев, А. С. (химик ; 1981-)  |c Томск  |n Изд-во ТПУ 
463 1 |0 669760  |t Т. 2  |v С. 28-30  |d 2023  |9 669760  |p 1 файл (8,2 MB, 263 с.)  |u conference_tpu-2023-C11_V2.pdf 
610 1 |a труды учёных ТПУ 
610 1 |a электронный ресурс 
610 1 |a комплексное моделирование транспорта 
610 1 |a процессы очистки скважин 
610 1 |a модель Бингама 
610 1 |a модель Оствальда 
610 1 |a горизонтальные скважины 
610 1 |a модель Гершеля-Балкли 
700 1 |a Джанхорбани  |b Мехран 
702 1 |a Харламов  |b С. Н.  |c специалист в области транспорта и хранения нефти  |c профессор Томского политехнического университета  |f 1957-  |g Сергей Николаевич  |4 727 
712 0 2 |a Национальный исследовательский Томский политехнический университет  |b Инженерная школа природных ресурсов  |b Отделение нефтегазового дела  |9 28343 
801 0 |a RU  |b 63413507  |c 20231207  |g RCR 
856 4 |u http://earchive.tpu.ru/handle/11683/77756  |z http://earchive.tpu.ru/handle/11683/77756 
942 |c CF